000 005540000a22001930004500
001 002677
003 MACL
005 20150821123239.0
008 150821b xxu||||| |||| 00| 0 eng d
040 _aMACL
_cMACL
041 _aEnglish
082 _a630/JOH
100 _aJohl, S.S.
_96445
245 _aStructural Adjustments in Agricultural Sector for Growth and Productivity
_cS.S. Johl
260 _aNew Delhi
_c1994
_bCentre for Research in Rural & Industrial Development,
350 _a145
650 _aAgriculture
_96446
942 _k630
_cBK
_2ddc
999 _c14586
_d14586